Zwycięzcy konkursów PŚ w sezonie 2019/2020 - Statystyki

Ogólne statystyki
  • Ten quiz został rozwiązany 66 razy
  • Średni wynik to 10 z 11
Statystyki odpowiedzi
Obrazkowy Odpowiedź % Poprawnych
Dawid Kubacki
98%
Kamil Stoch
98%
Piotr Żyła
98%
Ryōyū Kobayashi
98%
Stefan Kraft
98%
Daniel-Andre Tande
95%
Peter Prevc
95%
Marius Lindvik
94%
Karl Geiger
92%
Yukiya Sato
91%
Stephan Leyhe
86%
Nie znaleziono quizów pasujących do podanych kryteriów
Rozkład punktacji
Procent ludzi z każdym wynikiem
Percentyl według liczby udzielonych odpowiedzi
Twoja historia wyników
Nie rozwiązałeś tego quizu